| 000 | 00507nam a2200145Ia 4500 | ||
|---|---|---|---|
| 001 | 3083 | ||
| 008 | 241024s9999 xx 000 0 und d | ||
| 020 | _a978-9945-888-1-3 | ||
| 082 | _aRD/507.04/R426g/1 | ||
| 100 | _aRepública Domincana. Ministerio de Educación | ||
| 245 | 0 | _aLa Gestión del Riesgo: un temacurricular. Manual Metodógico para trabajar la Gestión de Riesgo en el aula. Manual de capacitación docente | |
| 260 |
_bSanto Domingo _c2013 |
||
| 901 | _a25/7/2013 9:50:22 a.m. | ||
| 999 |
_c8216 _d8216 |
||